000 00494nam a2200145 a 4500
008 120416s1952 ||||||||||||||||| || u
050 _aBF 251 Hir
100 _aHirsh, Ira J
245 1 4 _aThe measurement of hearing
260 _aLondon:
_bMcGraw-Hill
_c1952
350 _a0.00
650 _aHEARING
650 _aHEARING--MEASUREMENT
995 _D0.00
_FCBU-MAIN LIBRARY (Kitwe)
_H1
_I10.00
_M1
_UAVAILABLE
_ZMain Library Open Access Collection
999 _c50835
_d50835